01228nam a2200289 a 4500001001500000003000900015005001700024008004100041040002800082041000800110050002300118245009900141246002500240260004700265300001800312500001900330500003400349526000800383590003500391650004400426650004700470700002600517942001200543952018400555952018200739999001700921BD-DhNSU-30855BD-DhNSU20260421122906.0251016s2018 bg ||||g vw|| 000 0|eng|d aDLCcBD-DhNSUdBD-DhNSU aeng00aKNG19b.A2B36 201804aThe Bangladesh law chronicles :b(a monthly law journal) ,nVol. 23 /cedited by Nahid Mahtab.0 aB.L.C.bVolume XXIII aDhaka :bBangladesh Law Chronicles,c2018. avp. ;c25 cm. aRegd DA- 1722  aCit. 23 BLC (AD); 23 BLC etc.0 aLaw aSumaiya Kainat Bintey Kohinoor 0aLaw reports, digests, etc.zBangladesh. 0aLaw reports, digests, etc.zIndiazBengal.1 aMahtab, Nahideeditor 2lcccBK 00102lcc40718REFaNSULbNSULcREFd2025-10-08eKarim InternationalfBDTg1520.00hvol-23iKI/NSU/L-29/25-26l0oKNG19.A2B36 2018p49132r2025-10-16 12:26:27t1w2025-09-23yBK 00102lcc40718REFaLCRbLCRcGENd2026-04-08eKarim InternationalfBDTg1435.00hvol-23iKI/NSU/L-77/25-26l0oKNG19.A2B36 2018p49310r2026-04-21 12:30:13t2w2026-03-09yBK c30855d30855